| 000 | 03001nam a2200385 i 4500 | ||
|---|---|---|---|
| 001 | 768714001 | ||
| 003 | CO-MdFUSB | ||
| 005 | 20231102122431.0 | ||
| 007 | ta | ||
| 008 | 230318t1999 -us||||| ||||||0| ||eng|d | ||
| 020 | _a0801021871 | ||
| 040 |
_aCO-MdFUSB _bspa _cCO-MdFUSB _dCO-MdFUSBC _erda |
||
| 041 | _aeng | ||
| 082 |
_223 _a221.66 _bD718l |
||
| 100 |
_eautor _aDorsey, David A. |
||
| 245 | 1 | 4 |
_aThe literary structure of the Old Testament _b: a commentary on Genesis-Malachi _c/ David A. Dorsey |
| 264 | 1 |
_aGrand Rapids, Michigan : _bBaker Books, _c[1999] |
|
| 264 | 4 | _c© 1999 | |
| 300 |
_a333 páginas _c; 26 cm |
||
| 336 |
_2rdacontent _atexto _btxt |
||
| 337 |
_2rdamedia _asin mediación _bn |
||
| 338 |
_2rdacarrier _avolumen _bnc |
||
| 505 |
_tParte 1: Introducción _aUnidades literarias -- Arreglo de unidades -- Estructura y significado -- Valor del análisis estructural. |
||
| 505 |
_tParte 2 : Libro de la ley de Moisés _aLibro de la ley: prólogo histórico: Génesis 1:1- Éxodo 19:2 -- Libro de la ley: tratado en Sinaí: Éxodo 19:3 - Números 10:10 -- Libro de la ley: conclusión histórica: Números 10:11 - Josué 24:33 -- Libro de la ley: unidad estructural. |
||
| 505 |
_tParte3: Libros históricos _aJueces: la espiral descendente de Israel -- Rut: el poder de la bondad -- Samuel: David -- un hombre conforme al corazón de Dios -- Reyes: la rebelión de Israel contra Dios -- Crónicas: historias alentadoras de la historia de Israel -- Esdras-Nehemías: El pueblo de Dios regresa a Jerusalén -- Ester: la divina providencia protege al pueblo de Dios. |
||
| 505 |
_tParte 4 : Libros poéticos _aJob: ¿Dónde se puede encontrar la sabiduría? -- Salmos: himnos y oraciones de Israel a Dios -- Proverbios: Yahvé la fuente de toda sabiduría -- Eclesiastés: solo Dios tiene la clave del sentido de la vida -- Canción de canciones: amor la llama de Yahvé. |
||
| 505 |
_tParte 5: Profetas mayores _aIsaías: confía solo en Yahvé -- Jeremías: profeta de una nación hostil -- Lamentaciones: sus misericordias son nuevas cada mañana -- Ezequiel: visiones de la gloria de Dios -- Daniel: la supremacía de Dios sobre todos los poderes terrenales. |
||
| 505 |
_tParte 6: Profetas menores _aOseas: ven a casa, Israel infiel -- Joel: Yahvé truena a la cabeza de su ejército -- Amós: el león ha rugido -- Abdías: la caída de Edom y el ascenso de Judá -- Jonás: una lección sobre la misericordia -- Miqueas: camina humildemente con tu Dios -- Nahum: ¿dónde está ahora el foso de los leones? -- Habacuc: el justo por la fe vivirá -- Sofonías: el día de Yahweh está cerca -- Hageo: ¡reconstruye el templo! -- Zacarías: Yahvé volverá a vivir entre su pueblo -- Malaquías: ¿cómo hemos robado a Dios? |
||
| 505 |
_tParte 7: Conclusión _aAlgunas reflexiones finales |
||
| 563 | _aTapa dura | ||
| 630 | 0 | 7 |
_aBiblia. _pAntiguo Testamento _xCrítica, interpretación, etc. |
| 942 | _cBK | ||
| 945 | _aMag1104 | ||
| 999 |
_c68624 _d68624 |
||